00819 2200301 4500001002100000005001500021035002000036007000300056040001700059100003600076245004200112250001000154300003800164020002200202041000800224084001800232090002200250264003400272336002100306337003000327338002300357650001100380850001000391008004100401990002500442990002500467990002500492INLIS00000000001313020260603012422 a0010-0525000032ta aSBPUPADbind0 aRirin Astutiningrum,ePengarang1 aNikah Yes...! /cRirin Astutiningrum, aCet.1 aviii+236 hlm :bilus. ;c13,5x5cm a978-602-215-036-7 aind a297.431 RIR n a297.431 RIR n 3-6 aJakarta :bKeysa Media,c2018 2rdacontentaTeks 2rdamediaatanpa perantara 2rdacarrieravolume 4aNovel/ aPUPAD260603 0  a38.874/APBD/DPK/2025 a38.875/APBD/DPK/2025 a38.873/APBD/DPK/2025